| 000 | 00969akm a2200337a 44500 | ||
|---|---|---|---|
| 008 | 960109s1980-1989 cat | ||
| 041 | _acat | ||
| 080 | _a616-08(038) | ||
| 110 |
_aConsorci per a la Normalització Lingüística. Centre de Normalització Lingüística de Sabadell _964786 |
||
| 245 | _aLa farmaciola | ||
| 245 | _cConsorci per a la Normalització Lingüística. Centre de Normalització Lingüística de Sabadell. | ||
| 245 | _h[cartell] | ||
| 260 | _a[Sabadell] | ||
| 260 | _bAjuntament de Sabadell | ||
| 260 | _c1980-1989 | ||
| 300 | _bil. | ||
| 520 | _a21 | ||
| 546 | _acatalà | ||
| 591 | _a2802 | ||
| 592 | _aObra terminològica | ||
| 593 | _aEQ | ||
| 593 | _aEU | ||
| 594 | _a2802 | ||
| 650 |
_aequipament i material sanitari _961303 |
||
| 650 |
_afarmacologia _961777 |
||
| 901 | _c[<198->?] | ||
| 902 | _a960109 | ||
| 942 |
_cMO _n0 |
||
| 999 |
_c53983 _d53983 |
||